• 首页
  • 本馆介绍
  • 公告通知
  • 最新文献
  • 馆藏检索
  • 电子资源
  • 读者导购
  • 参考咨询
  • 我的图书馆
  • 登录
  • 详细信息显示
  • 放入我的书架
  • 预约/预借图书
  • 作者相关作品
  • 分类相关作品
  • 丛书相关作品
  • 出版社相关作品

书目信息

  • 表格格式
  • 工作单格式
  • 卡片格式
题名:
微分形式导论
    
 
作者: 施赖伯 , Schreiber 著 ;白正国 译
分册:  
出版信息: 北京   人民教育出版社  1980
页数: 104页
开本: 21cm
丛书名:
单 册:
中图分类: O172.1
科图分类:
主题词: 微分--概论
电子资源:
ISBN:
000 00708nam0 2200253 45
001 0180005147
005 20070707083143.77
010    @dCNY0.33
091    @aCN@b13012.0510
100    @a19950510e19801981em y0chiy0121 ea
101 1  @achi@ceng
102    @aCN@b110000
105    @ay z 000yy
200 10 @a微分形式导论@Awei fen xing shi dao lun@f(美)施赖伯(M.Schreiber)著@g白正国译
210    @a北京@c人民教育出版社@d1980@h1981印
215    @a104页@d21cm
606    @a微分@x概论
690    @aO172.1@v3
701  1 @a施赖伯@Ashi lai bo@bM.@4著
701 A1 @aSchreiber@bM.@4著
702  0 @a白正国@Abai zheng guo@4译
801  0 @aCN@bTSSF@c20070707
801  2 @aCN@bNLC@c20060817
905    @dO172.1@e91
    
    微分形式导论/(美)施赖伯(M.Schreiber)著/白正国译.-北京:人民教育出版社,1980(1981印)
    104页;21cm
    
    
    ISBN :CNY0.33
    
●
相关链接 在E读中查询图书 在五车中查询图书 在当当中查询图书 在豆瓣中查询图书


正题名:微分形式导论     索取号:O172.1/91         预约/预借

序号 登录号 条形码 馆藏地/架位号 状态 备注
1 0442519   204425194   密集书库/ [索取号:O172.1/91] 在馆    
2 0462075   204620758   密集书库/ [索取号:O172.1/91] 在馆    
3 0766657   207666578   密集书库/ [索取号:O172.1/91] 在馆    
唐山师范学院图书馆 欢迎您!
大连网信软件有限公司© 版权所有